Κατάλογος Βιβλιοθηκών Mediterranean College

Συνταγματικό Δίκαιο / Οργάνωση και Λειτουργία της Πολιτείας. (Record no. 3768)

MARC details
000 -LEADER
fixed length control field 01126cam a22002054a 4500
005 - ΗΜΕΡΟΜΗΝΙΑ ΚΑΙ ΩΡΑ ΤΕΛΕΥΤΑΙΑΣ ΕΝΗΜΕΡΩΣΗΣ
Πεδίο ελέγχου 20250605164124.0
008 - FIXED-LENGTH DATA ELEMENTS--GENERAL INFORMATION
Πεδίο ελέγχου σταθερού μήκους 250528s ||||||||||||||||||||||||d
035 ## - SYSTEM CONTROL NUMBER
System control number 18407
020 ## - ISBN
ISBN 9602320133
040 ## - ΠΗΓΗ ΚΑΤΑΛΟΓΟΓΡΑΦΗΣΗΣ
Φορέας πρωτότυπης καταλογογράφησης MC Athens Campus Library
Γλώσσα καταλογογράφησης Ελληνικά, Μοντέρνα (1453-)
Modifying agency MC Athens Campus Library
Κανόνες περιγραφικής καταλογογράφησης AACR2
245 1# - ΤΙΤΛΟΣ ΚΑΙ ΔΗΛΩΣΗ ΥΠΕΥΘΥΝΟΤΗΤΑΣ
Τίτλος Συνταγματικό Δίκαιο / Οργάνωση και Λειτουργία της Πολιτείας.
Number of part/section of a work Τόμος Β'
250 ## - EDITION STATEMENT
Edition statement
260 ## - PUBLICATION, DISTRIBUTION, ETC.
Name of publisher, distributor, etc. Αντ. Ν. Σάκκουλα,
Date of publication, distribution, etc. 1993
300 ## - PHYSICAL DESCRIPTION
Extent 624
520 ## - SUMMARY, ETC.
Summary, etc. Πρόλογος, Συντομογραφίες, Θεματική και Δομή και Βιβλιογραφία, Οι Θεμελιώδεις Αρχές του Συστήματος, Τα Όργανα του Κράτους και οι Λειτουργίες τους, Τα Συνταγματικά Πλαίσια της Δημόσιας Διοίκησης, Τα Συνταγματικά Πλαίσια της Δικαστικής Λειτουργίας, Εκκλησία και Πολιτεία, Ευρετήριο.
700 1# - ΠΡΟΣΘΕΤΗ ΑΝΑΓΡΑΦΗ--ΦΥΣΙΚΟ ΠΡΟΣΩΠΟ
Personal name Τσάτσος Δημήτρης Θ
9 (RLIN) 4680
942 ## - ADDED ENTRY ELEMENTS (KOHA)
Koha item type Books
Holdings
Τύπος τεκμηρίου Βιβλιοθήκη Τρέχουσα τοποθεσία Barcode Αριθμός εισαγωγής Ημερομηνία απόκτησης Ταξιθετικό σύμβολο Αριθμός αντιτύπου Κατάσταση απόσυρσης Κατάσταση χαμένου Κατάσταση κατεστραμμένου Μη δανεισμός Σύνολο δανεισμών Ημερομηνία τελευταίας εμφάνισης Η τιμή ισχύει από
Books MC Athens Campus Library MC Athens Campus Library 9780000037671 3082 05/06/2025 342.495 TSA V.B 2           05/06/2025 05/06/2025

MC Athens Campus Library
Πατησίων 94 & Κοδριγκτώνος 13, 104 34
Πελλήνης 8 & Πατησίων 107, 112 51
Τ: +30 210 8899600

MC Thessaloniki Campus Library
Ίωνος Δραγούμη 21, 54625 | Ίωνος Δραγούμη 15, 54625
Τ: +30 2310 287779 – Τ: +30 2314 440300